| 000 | 00561nam a2200169Ia 4500 | ||
|---|---|---|---|
| 003 | GCL | ||
| 008 | 140319s9999 xx 000 0 ara d | ||
| 040 |
_aGCL / _cGCL |
||
| 082 | 0 | 4 |
_a001.6404 _bا م |
| 100 | 1 | _aاحمد ابراهيم قنديل | |
| 245 | 1 | 0 |
_aمعلم الكمبيوتر / _cاحمد ابراهيم قنديل |
| 260 |
_aالقاهرة : _bدار الوفاء للطباعة والنشر والتوزيع ، _c1988 |
||
| 300 |
_a147 ص ؛ _c24 سم |
||
| 490 | _a | ||
| 650 | 0 | 4 | _aالحاسبات الالكترونية |
| 942 |
_2ddc _cBK |
||
| 999 |
_c36935 _d36935 |
||